000 01071nam a2200325Ia 4500
003 OSt
005 20221007122224.0
006 a|||||r|||| 00| 0
007 ta
008 221006b |||||||| |||| 00| 0 eng d
020 _a9783527406609 (pbk)
024 _a80046
037 _b2253, 13/12/2007, Unilib Book Distributors
_cTextual
040 _aPAPL
_cPAPL
_beng
041 _2eng
_aeng
082 _aB9:(G), P7 Carpa
100 _aHorneck Gerda Ed.
_9713733
245 0 _aComplete course in astrobiology
_b Rettberg Petra Ed.
260 _aWeinheim
_bWiley-Vch Verlag GmbH & Co.
_c2007
300 _axx, 413p. Includes CD-Rom
_ccm.
490 _aPhysics textbook
500 _aIndex 399-412p.
650 _a Exobiology
_9713734
650 _a Life-Origin
_9713735
650 _a Space biology
_9713736
650 _aPhysics
700 _a Rettberg Petra Ed.
_9713737
942 _hB9:(G), P7 Carpa
_cTEXL
_2CC
999 _c1209969
_d1209969